[Event "1u Open Internaziunale d'Aiacciu"]
[Site "Ajaccio"]
[Date "2012.04.28"]
[Round "8.4"]
[White "Guillemart, Serge"]
[Black "Cristofari, Antoine"]
[Result "0-1"]
[WhiteElo "1745"]
[BlackElo "2136"]
[PlyCount "76"]

1. e4 g6 2. d4 Bg7 3. Be2 c6 4. Be3 d6 5. Qd2 Nf6 6. f3 a6 7. h4 h5 8. Nh3 Bxh3
9. Rxh3 Nbd7 10. Na3 c5 11. c3 b5 12. Nc2 Qc7 13. Kf2 Rb8 14. a4 bxa4 15. Na3
Qb7 16. Rb1 O-O 17. Qd3 cxd4 18. Bxd4 Nc5 19. Bxc5 dxc5 20. Qxa6 Qc7 21. g3 Ra8
22. Qc4 Nd7 23. Nb5 Qc8 24. Rhh1 Nb6 25. Qd3 Bh6 26. f4 e5 27. f5 c4 28. Qf3
Qc5+ 29. Kg2 Qxb5 30. g4 hxg4 31. Qxg4 Kh7 32. h5 g5 33. f6 Qd7 34. Qg3 Qd2 35.
Qf2 Rab8 36. Rhd1 Qf4 37. Bf3 g4 38. Qc5 Qxf3+ 0-1

[Event "1u Open Internaziunale d'Aiacciu"]
[Site "Ajaccio"]
[Date "2012.04.28"]
[Round "9.1"]
[White "Hamdouchi, Hicham"]
[Black "Cristofari, Antoine"]
[Result "1-0"]
[WhiteElo "2617"]
[BlackElo "2136"]
[PlyCount "71"]

1. e4 e5 2. Nf3 Nc6 3. d4 exd4 4. Nxd4 Bc5 5. Nb3 Bb6 6. Nc3 Qf6 7. Qe2 Nge7 8.
Be3 O-O 9. O-O-O Bxe3+ 10. Qxe3 a6 11. f4 d6 12. Be2 Qh4 13. g3 Qh3 14. f5 f6
15. Qf2 Ne5 16. Rhg1 Qh6+ 17. Kb1 b5 18. g4 b4 19. Nd5 Nxd5 20. exd5 g6 21.
fxg6 Qxg6 22. Nd4 Kh8 23. Nc6 Nxc6 24. dxc6 Be6 25. Qd4 Qg7 26. Qxb4 Rab8 27.
Qc3 a5 28. Rde1 Qg8 29. g5 Bxa2+ 30. Ka1 Bd5 31. gxf6 Qf7 32. Rg5 Bxc6 33. Bc4
d5 34. Re7 Qxf6 35. Rxh7+ Kxh7 36. Qh3+ 1-0

[Event "1u Open Internaziunale d'Aiacciu"]
[Site "Ajaccio"]
[Date "2012.04.28"]
[Round "9.2"]
[White "Massoni, Michael"]
[Black "Brethes, Francois"]
[Result "1/2-1/2"]
[WhiteElo "2341"]
[BlackElo "2249"]
[PlyCount "90"]

1. e4 e6 2. Nf3 d5 3. Nc3 Nf6 4. e5 Nfd7 5. d4 c5 6. dxc5 Nc6 7. Bf4 Bxc5 8.
Bd3 f6 9. exf6 Qxf6 10. Bg3 O-O 11. O-O Nde5 12. Nxe5 Nxe5 13. Bxh7+ Kxh7 14.
Qh5+ Kg8 15. Qxe5 Qxe5 16. Bxe5 b6 17. Bg3 Ba6 18. Rfe1 Rf6 19. Na4 Bb4 20. c3
Bf8 21. b4 Rc8 22. Be5 Rf7 23. Nb2 Rd7 24. a4 Bc4 25. a5 Kf7 26. axb6 axb6 27.
Bd4 Rc6 28. Nd1 Be7 29. Ne3 Bd6 30. Ng4 Bd3 31. g3 Rcc7 32. f4 Bf5 33. Nf2 Be7
34. Ra6 Bf6 35. Rxb6 Bxd4 36. cxd4 Rc2 37. g4 Be4 38. Nxe4 dxe4 39. Rxe4 Ra7
40. Rbxe6 Ra1+ 41. Re1 Raa2 42. R1e3 Ra1+ 43. Re1 Raa2 44. R1e3 Ra1+ 45. Re1
Raa2 1/2-1/2

[Event "1u Open Internaziunale d'Aiacciu"]
[Site "Ajaccio"]
[Date "2012.04.28"]
[Round "9.3"]
[White "Battesti, Saveriu"]
[Black "Mullon, Jean-Baptiste"]
[Result "0-1"]
[WhiteElo "1990"]
[BlackElo "2405"]
[PlyCount "56"]

1. e4 c5 2. Nf3 e6 3. Nc3 a6 4. d4 cxd4 5. Nxd4 b5 6. Be2 Bb7 7. Be3 Qc7 8. O-O
Nf6 9. Bf3 d6 10. e5 dxe5 11. Ndxb5 axb5 12. Nxb5 Qc8 13. Qd6 Bxd6 14. Nxd6+
Kd7 15. Bxb7 Kxd6 16. Rfd1+ Nd5 17. Bxc8 Rxc8 18. c3 Ke7 19. Bd2 Na6 20. Rdc1
Nc5 21. c4 Nf4 22. Bxf4 exf4 23. Kf1 Nd3 24. Rc2 Nb4 25. Rc3 Nxa2 26. Rc2 Nb4
27. Rxa8 Rxa8 28. Rc3 Kd6 0-1

[Event "1u Open Internaziunale d'Aiacciu"]
[Site "?"]
[Date "2012.??.??"]
[Round "5"]
[White "Battesti, Leo"]
[Black "Muik, Joseph Jun."]
[Result "1/2-1/2"]
[WhiteElo "1706"]
[BlackElo "1868"]
[PlyCount "82"]
[EventDate "2012.05.12"]
[SourceDate "2012.05.12"]

1. Nf3 e6 2. d4 Nf6 3. c4 d5 4. g3 dxc4 5. Na3 Be7 6. Nxc4 O-O 7. Bg2 c5 8. O-O
Nc6 9. dxc5 Bxc5 10. Qxd8 Rxd8 11. Bg5 h6 12. Bxf6 gxf6 13. Rfd1 Bd7 14. Nd6
Bxd6 15. Rxd6 Kf8 16. Rad1 Be8 17. Rxd8 Rxd8 18. Rxd8 Nxd8 19. Nd4 Ke7 20. Kf1
Kd6 21. e3 Kc5 22. Ke2 Bd7 23. Kd3 e5 24. Nb3+ Kb4 25. Bd5 Bf5+ 26. e4 Be6 27.
a3+ Kb5 28. f4 a5 29. f5 Bxd5 30. exd5 a4 31. Nd2 Kc5 32. Ke4 b5 33. b3 Nb7 34.
b4+ Kb6 35. g4 Nd6+ 36. Kd3 Kc7 37. Kc3 Kd7 38. Kd3 Ke7 39. Kc3 Kd7 40. Kd3 Ke7
41. Kc3 Kd7 1/2-1/2

[Event "1u Open Internaziunale d'Aiacciu"]
[Site "?"]
[Date "2012.??.??"]
[Round "6"]
[White "Pillot, Antoine"]
[Black "Battesti, Leo"]
[Result "0-1"]
[WhiteElo "1822"]
[BlackElo "1706"]
[PlyCount "72"]
[EventDate "2012.05.12"]
[SourceDate "2012.05.12"]

1. e4 d5 2. exd5 Qxd5 3. Nc3 Qd8 4. Bc4 Nf6 5. d3 Bg4 6. f3 Bh5 7. Nge2 e6 8.
Bg5 Be7 9. Nf4 Bg6 10. Qd2 Nbd7 11. O-O O-O 12. Bxe6 fxe6 13. Nxe6 Qc8 14. Nxf8
Qxf8 15. Rfe1 Re8 16. Nb5 c6 17. Nc7 Bc5+ 18. Kh1 Rxe1+ 19. Rxe1 Qd6 20. Ne6
Bb6 21. Qe2 Qd5 22. Bxf6 Nxf6 23. a3 Qa2 24. c3 Bf7 25. Ng5 Bd8 26. g3 Qd5 27.
Nxf7 Kxf7 28. Kg2 Qb3 29. h3 Qd5 30. g4 h6 31. Qe3 Qd7 32. Qxa7 Qxd3 33. Qxb7+
Kg6 34. Qa7 Nd5 35. Qd4 Qc2+ 36. Kg1 Bb6 0-1

[Event "1u Open Internaziunale d'Aiacciu"]
[Site "?"]
[Date "2012.??.??"]
[Round "9"]
[White "Battesti, Leo"]
[Black "Pellicano, Marc"]
[Result "1/2-1/2"]
[WhiteElo "1706"]
[BlackElo "1824"]
[PlyCount "80"]
[EventDate "2012.05.12"]
[SourceDate "2012.05.12"]

1. Nf3 g6 2. g3 Bg7 3. Bg2 Nf6 4. d4 d5 5. c4 c6 6. O-O O-O 7. cxd5 cxd5 8. Nc3
Nc6 9. Re1 Ne4 10. Nxe4 dxe4 11. Ng5 Qxd4 12. Nxe4 Rd8 13. Qb3 Qb4 14. Nc3 Qxb3
15. axb3 Nd4 16. Bg5 Nxb3 17. Rad1 Nd4 18. e3 Bg4 19. exd4 Bxd1 20. Rxd1 Rd7
21. Be3 Rad8 22. d5 b6 23. Bf3 e6 24. dxe6 Rxd1+ 25. Nxd1 fxe6 26. h4 Bd4 27.
Bxd4 Rxd4 28. Kf1 Rb4 29. Ke2 Kf7 30. Kd3 Kf6 31. Kc3 Rb5 32. b4 a5 33. bxa5
Rxa5 34. Kb4 Ke5 35. Ne3 Ra2 36. Kb5 h5 37. Nd1 Ra3 38. Ne3 Ra2 39. Nd1 Ra3 40.
Ne3 Ra2 1/2-1/2

[Event "1u Open Internaziunale d'Aiacciu"]
[Site "?"]
[Date "2012.??.??"]
[Round "8"]
[White "Pobedonostzeff, Franck"]
[Black "Battesti, Leo"]
[Result "1/2-1/2"]
[WhiteElo "1916"]
[BlackElo "1706"]
[PlyCount "106"]
[EventDate "2012.05.12"]
[SourceDate "2012.05.12"]

1. d4 Nf6 2. c4 c5 3. d5 b5 4. cxb5 a6 5. bxa6 Bxa6 6. Nc3 d6 7. f4 g6 8. Nf3
Bg7 9. e4 Bxf1 10. Rxf1 O-O 11. Qe2 Nbd7 12. e5 dxe5 13. fxe5 Ng4 14. e6 Nde5
15. exf7+ Rxf7 16. Ng5 Rxf1+ 17. Kxf1 Nxh2+ 18. Kg1 Nhg4 19. Ne6 Qb6 20. Nxg7
Kxg7 21. Bf4 c4+ 22. Kh1 Nf2+ 23. Kh2 Neg4+ 24. Kg3 Rf8 25. Qxe7+ Rf7 26. Be5+
Kg8 27. Qe8+ Rf8 28. Qe6+ Qxe6 29. dxe6 Nxe5 30. e7 Re8 31. Nd5 Nfd3 32. Nf6+
Kf7 33. Nxe8 Kxe8 34. a4 Kxe7 35. a5 Nc6 36. a6 Na7 37. Kf3 Kd6 38. b3 cxb3 39.
Rd1 Kc5 40. Rxd3 Kc4 41. Rd7 b2 42. Rc7+ Kd3 43. Rxa7 b1=Q 44. Rd7+ Kc4 45.
Rc7+ Kd5 46. a7 Qf5+ 47. Ke3 Qe5+ 48. Kf3 Qxc7 49. a8=Q+ Kd6 50. Qf8+ Qe7 51.
Qb8+ Qc7 52. Qf8+ Qe7 53. Qb8+ Qc7 1/2-1/2

[Event "1u Open Internaziunale d'Aiacciu"]
[Site "?"]
[Date "2012.??.??"]
[Round "2"]
[White "Utrera, Ludovic"]
[Black "Battesti, Leo"]
[Result "1-0"]
[WhiteElo "1948"]
[BlackElo "1706"]
[PlyCount "37"]
[EventDate "2012.05.12"]
[SourceDate "2012.05.12"]

1. e4 d5 2. exd5 Qxd5 3. Nf3 Nf6 4. Be2 e5 5. Nc3 Qd6 6. d4 exd4 7. Nxd4 c6 8.
O-O Be7 9. Re1 O-O 10. Bg5 Rd8 11. Nf3 Be6 12. Qxd6 Rxd6 13. Bxf6 gxf6 14. Bc4
Bxc4 15. Rxe7 Nd7 16. Ne4 Re6 17. Rxd7 Rxe4 18. Nd2 Be6 19. Nxe4 1-0